| 000 | 00772nam a2200241 i 4500 | ||
|---|---|---|---|
| 001 | 42783 | ||
| 003 | ES-MaACL | ||
| 005 | 20250712062540.0 | ||
| 007 | t| | ||
| 008 | 030314s1963 sp |||| | spa d | ||
| 080 | _a821.134.2-32"19" | ||
| 100 | 1 |
_aCela, Camilo José, _d1916-2002 _937336 |
|
| 245 | 1 | 0 |
_aHistorias de España ; _bLos ciegos ; Los tontos / _cCamilo José Cela. |
| 250 | _aNueva ed. muy corr. y aum. | ||
| 260 |
_aPalma de Mallorca : _bLos Papeles de San Armadans, _c1963 ( _fTip. Mossén Alcover) |
||
| 300 |
_a46 p. ; _c24 cm. |
||
| 490 | 1 |
_aColección "Juan de Garona" ; _v1 |
|
| 740 | 4 | 2 | _aLos ciegos. |
| 740 | 4 | 2 | _aLos tontos. |
| 830 | 1 |
_aColección "Juan de Garona" ; _v1 _9229839 |
|
| 852 | 4 |
_aES-MaACL _j2031-F-10 |
|
| 999 |
_c42783 _d42783 |
||